| 000 | 01301nam a2200325Ia 4500 | ||
|---|---|---|---|
| 001 | ebr10307891 | ||
| 003 | CaPaEBR | ||
| 006 | m u | ||
| 007 | cr cn||||||||| | ||
| 008 | 080919s2009 mau sb 001 0 eng d | ||
| 010 | _z 2008041529 | ||
| 020 | _z9781405160254 (hardcover : alk. paper) | ||
| 020 | _z9781405160261 (pbk. : alk. paper) | ||
| 040 |
_aCaPaEBR _cCaPaEBR |
||
| 035 | _a(OCoLC)647808187 | ||
| 050 | 1 | 4 |
_aPN1995.9.R4 _bG73 2009eb |
| 100 | 1 | _aGrace, Pamela. | |
| 245 | 1 | 4 |
_aThe religious film _h[electronic resource] : _bChristianity and the hagiopic / _cby Pamela Grace. |
| 260 |
_aMalden, MA : _bWiley-Blackwell, _c2009. |
||
| 300 | _axii, 180 p. | ||
| 490 | 1 | _aNew approaches to film genre | |
| 504 | _aIncludes bibliographical references and index. | ||
| 533 |
_aElectronic reproduction. _bPalo Alto, Calif. : _cebrary, _d2011. _nAvailable via World Wide Web. _nAccess may be limited to ebrary affiliated libraries. |
||
| 650 | 0 |
_aReligious films _xHistory and criticism. |
|
| 650 | 0 | _aReligion in motion pictures. | |
| 655 | 7 |
_aElectronic books. _2local |
|
| 710 | 2 | _aebrary, Inc. | |
| 830 | 0 | _aNew approaches to film genre. | |
| 856 | 4 | 0 |
_uhttp://site.ebrary.com/lib/rucke/Doc?id=10307891 _zAn electronic book accessible through the World Wide Web; click to view |
| 999 |
_c61490 _d61490 |
||